Loading...

Applied nonparametric statistical methods

Bibliographic Details
Main Author: Sprent, Peter
Other Authors: Smeeton, Nigel
Format: Printed Book
Published: London Chapman & Hall 2007
Edition:4th
Subjects:
LEADER 00556nam a22001817a 4500
020 |a 9781584887010 
082 |a 519.5  |b SPR/A 
100 |a Sprent, Peter 
245 |a Applied nonparametric statistical methods 
250 |a 4th 
260 |a London  |b Chapman & Hall  |c 2007 
300 |a 530p. 
650 |a Statistics 
650 |a Nonparametric statistics 
700 |a Smeeton, Nigel 
942 |c BK 
999 |c 34739  |d 34739 
952 |0 0  |1 0  |4 0  |6 519_500000000000000_SPRA  |7 0  |8 Stack  |9 36750  |a KUCL  |b KUCL  |c Stack  |d 2015-09-16  |l 0  |o 519.5 SPR/A  |p 33118  |r 2015-09-16  |w 2015-09-16  |y BK